000
00374nam a2200133Ia 4500
008
151001s9999||||xx |||||||||||||| ||und||
100
_a
ना ना रणसिंग
245
_a
परिपूर्ण हिंदी व्याकरण
250
_a
1
260
_b
अभिनंदन कणकवली
260
_c
2013
300
_a
192
365
_b
21
999
_c
999304
_d
999301